000 00556nam a2200193Ia 4500
005 20250508163521.0
008 008 250505s9999 xx 000 0 hin d
037 _aDissertations
040 _aFEDL
_beng
_cFEDL
041 _ahin
_2eng
084 _a491.207, POO/DI
_qFEDL
100 _aPoonam
245 0 _aAnya bhasha ke roop mein sanskrit-shikshan ki samssayon ka addhyan
260 _c1996
300 _a105p.
546 _aM.Ed. Dissertation (Delhi University)
942 _cDIS
_h491.207, POO/DI
999 _c1383845
_d1383845